<?xml version="1.0" encoding="UTF-8"?>
<record
    xmlns:xsi="http://www.w3.org/2001/XMLSchema-instance"
    xsi:schemaLocation="http://www.loc.gov/MARC21/slim http://www.loc.gov/standards/marcxml/schema/MARC21slim.xsd"
    xmlns="http://www.loc.gov/MARC21/slim">

  <leader>00765caa a22001572a 4500</leader>
  <controlfield tag="001">  018232</controlfield>
  <controlfield tag="003">  AR-FADEU</controlfield>
  <controlfield tag="008">  311216n########xxu####################dd</controlfield>
  <datafield tag="092" ind1=" " ind2=" ">
    <subfield code="a">D349.2</subfield>
    <subfield code="b">E56</subfield>
  </datafield>
  <datafield tag="100" ind1=" " ind2=" ">
    <subfield code="a">Maggio, Luis Anibal</subfield>
  </datafield>
  <datafield tag="245" ind1=" " ind2=" ">
    <subfield code="a">Civis romanus sum : acerca de la ciudadan&#xED;a</subfield>
  </datafield>
  <datafield tag="300" ind1=" " ind2=" ">
    <subfield code="a">PP. 165-176</subfield>
  </datafield>
  <datafield tag="500" ind1=" " ind2=" ">
    <subfield code="a">En: Encuentro Nacional de profesores de derecho romano XVII : homenaje Dr. Luis Rodolfo Arg&#xFC;ello / Asociaci&#xF3;n de Derecho Romano de la Rep&#xFA;blica Argentina. General Roca : PubliFadecs, 2005</subfield>
  </datafield>
  <datafield tag="942" ind1=" " ind2=" ">
    <subfield code="c">BDGR</subfield>
  </datafield>
  <datafield tag="999" ind1=" " ind2=" ">
    <subfield code="c">23971</subfield>
    <subfield code="d">23971</subfield>
  </datafield>
  <datafield tag="773" ind1="0" ind2=" ">
    <subfield code="0">23952</subfield>
    <subfield code="9">23754</subfield>
    <subfield code="a">Asociaci&#xF3;n de Derecho Romano de la Rep&#xFA;blica Argentina</subfield>
    <subfield code="b"></subfield>
    <subfield code="d">General Roca</subfield>
    <subfield code="o">5231</subfield>
    <subfield code="t">ENCUENTRO Nacional de profesores de derecho romano XVII : homenaje Dr. Luis Rodolfo Arg&#xFC;ello</subfield>
    <subfield code="w">(  AR-FADEU)  018209</subfield>
    <subfield code="x"></subfield>
    <subfield code="z"></subfield>
  </datafield>
</record>
